Ostasien denkt anders : Eine Analyse d. west-östl. Gegensatzes

Đã lưu trong:
Sonraí Bibleagrafaíochta
Príomhúdar: Abegg, Lily
Formáid: Leabhar
Teanga:Undetermined
Foilsithe: München Desch
Ábhair:
Clibeanna: Cuir Clib Leis
Gan Chlibeanna, Bí ar an gcéad duine leis an taifead seo a chlibeáil!
Thư viện lưu trữ: Trung tâm Học liệu Trường Đại học Cần Thơ
LEADER 00483nam a2200181Ia 4500
001 CTU_90286
008 210402s9999 xx 000 0 und d
082 |a 915 
082 |b A138 
100 |a Abegg, Lily 
245 0 |a Ostasien denkt anders : 
245 0 |b Eine Analyse d. west-östl. Gegensatzes 
245 0 |c Lily Abegg 
260 |a München 
260 |b Desch 
650 |a East and west 
904 |i Năm,Hải 
980 |a Trung tâm Học liệu Trường Đại học Cần Thơ